[Event "Mersin op 8th"]
[Site "Mersin"]
[Date "2024.11.15"]
[Round "8"]
[White "Ererdem, Gani Eren"]
[Black "Bayramov, Vougar"]
[Result "1-0"]
[WhiteElo "2066"]
[BlackElo "2133"]
[PlyCount "117"]
[EventDate "2024.11.10"]
[EventType "swiss"]
[EventRounds "9"]
[EventCountry "TUR"]
[SourceTitle "CB47_2024"]
[SourceDate "2024.11.20"]
[SourceVersion "1"]
[SourceVersionDate "2024.11.20"]
[SourceQuality "1"]

1. d4 Nf6 2. Nf3 g6 3. Bg5 Bg7 4. Nbd2 d6 5. c3 0-0 6. e4 c5 7. dxc5 dxc5 8. Bc4 Nc6 9. 0-0 Qc7 10. Qe2 h6 11. Bh4 Nh5 12. Rfe1 e5 13. Bg3 Re8 14. Qe3 b6 15. Bd5 Bb7 16. Nc4 b5 17. Na3 Qb6 18. b4 Nxg3 19. hxg3 Qa6 20. c4 Nxb4 21. cxb5 Qb6 22. Nc4 Nxd5 23. exd5 Qd8 24. Rad1 e4 25. Nh2 Bd4 26. Qxh6 Qxd5 27. Na5 Rab8 28. Ng4 Qf5 29. Qh4 Bg7 30. Nh6+ Bxh6 31. Qxh6 Bd5 32. a4 Rbc8 33. Qd2 Red8 34. Nc6 Bxc6 35. Qxd8+ Rxd8 36. Rxd8+ Be8 37. Rxe8+ Kg7 38. R8xe4 Qd5 39. Re5 Qd2 40. R1e4 f5 41. Rc4 Kf6 42. Rexc5 Qe1+ 43. Kh2 Qxf2 44. a5 Kg5 45. b6 axb6 46. axb6 Qb2 47. Rc6 Qb5 48. Kh3 Qb1 49. Kh2 Qb2 50. Re6 Qh8+ 51. Rh4 Qb2 52. Rh7 Qb3 53. b7 f4 54. gxf4+ Kxf4 55. Rf6+ Kg4 56. Rxg6+ Kf4 57. Rf6+ Kg4 58. Rg7+ Kh5 59. g4+ 1-0

[Event "Mersin op 8th"]
[Site "Mersin"]
[Date "2024.11.11"]
[Round "3"]
[White "Bayramov, Vougar"]
[Black "Turker, Esat Tuna"]
[Result "1/2-1/2"]
[WhiteElo "2133"]
[BlackElo "2050"]
[PlyCount "98"]
[EventDate "2024.11.10"]
[EventType "swiss"]
[EventRounds "9"]
[EventCountry "TUR"]
[SourceTitle "CB47_2024"]
[SourceDate "2024.11.20"]
[SourceVersion "1"]
[SourceVersionDate "2024.11.20"]
[SourceQuality "1"]

1. d4 e6 2. Nf3 f5 3. g3 b6 4. Bg2 Bb7 5. 0-0 Nf6 6. c4 g6 7. Nc3 Bg7 8. d5 Na6 9. e4 0-0 10. exf5 exf5 11. Nd4 Re8 12. a3 Nc5 13. Bg5 h6 14. Bf4 a6 15. b4 Nce4 16. Nxe4 Nxe4 17. Rc1 c5 18. bxc5 bxc5 19. Ne2 d6 20. Be3 g5 21. Rb1 Bc8 22. Qb3 Bd7 23. Qb6 Ba4 24. Qxd8 Rexd8 25. Bh3 g4 26. Bg2 Rab8 27. Nf4 Bc2 28. Rbc1 Rb2 29. Ne6 Rdb8 30. Bf4 R8b6 31. f3 gxf3 32. Bxf3 Bd3 33. Rfe1 Ra2 34. g4 Ng5 35. Bxg5 hxg5 36. Nxg7 Kxg7 37. Re7+ Kf8 38. Re6 f4 39. Rce1 Rb1 40. Rxb1 Bxb1 41. Rxd6 Rxa3 42. Be2 Ke7 43. Rb6 Bd3 44. Bxd3 Rxd3 45. Rc6 a5 46. Rxc5 a4 47. Ra5 a3 48. Kf1 Kd6 49. Kg2 Ke7 1/2-1/2

[Event "Baku op"]
[Site "Baku"]
[Date "2014.09.27"]
[Round "6"]
[White "Bayramov, Vougar"]
[Black "Shabanov, Nurlan Mammad"]
[Result "1-0"]
[WhiteElo "2254"]
[BlackElo "2106"]
[PlyCount "119"]
[EventDate "2014.09.22"]
[EventType "swiss"]
[EventRounds "9"]
[EventCountry "AZE"]
[SourceTitle "CBM 162 Extra"]
[Source "ChessBase"]
[SourceDate "2014.10.17"]
[SourceVersion "1"]
[SourceVersionDate "2014.10.17"]
[SourceQuality "1"]

1. d4 d6 2. Nf3 g6 3. Bf4 Bg7 4. e3 Nf6 5. Bc4 0-0 6. 0-0 Nbd7 7. Nbd2 Qe8 8. e4 e5 9. dxe5 dxe5 10. Bg3 Qe7 11. c3 c6 12. a4 b6 13. Re1 Kh8 14. Qc2 h6 15. Rad1 Nh5 16. b4 a6 17. Bf1 b5 18. Nb3 Nb6 19. Nc5 Nxg3 20. hxg3 Be6 21. Rd2 Rfc8 22. Red1 Rc7 23. a5 Nd7 24. Nxe6 Qxe6 25. c4 Raa7 26. Rd6 Qe7 27. c5 Nf8 28. Qc3 Kh7 29. Bd3 Ne6 30. Nxe5 Qg5 31. f4 Qxg3 32. Qe1 Qxe1+ 33. Rxe1 Nxf4 34. Nf3 Bc3 35. Rb1 Rd7 36. Bf1 Rxd6 37. cxd6 Rd7 38. Rb3 Bg7 39. g3 Nh5 40. e5 Nxg3 41. Rc3 f6 42. Rxc6 fxe5 43. Rxa6 Nf5 44. Bxb5 Rxd6 45. Rxd6 Nxd6 46. Bc6 e4 47. Ne1 Bd4+ 48. Kf1 Nc4 49. Nc2 Ne3+ 50. Nxe3 Bxe3 51. Ke2 Bd4 52. Bxe4 Kg7 53. Kd3 Bf2 54. Kc4 Kf7 55. Kd5 Ke7 56. Kc6 Ke6 57. Bxg6 Ke5 58. b5 Kd4 59. b6 Kc3 60. a6 1-0

[Event "Baku op"]
[Site "Baku"]
[Date "2014.09.22"]
[Round "1"]
[White "Malakhatko, Vadim"]
[Black "Bayramov, Vougar"]
[Result "1/2-1/2"]
[WhiteElo "2542"]
[BlackElo "2254"]
[PlyCount "130"]
[EventDate "2014.09.22"]
[EventType "swiss"]
[EventRounds "9"]
[EventCountry "AZE"]
[SourceTitle "CBM 162 Extra"]
[Source "ChessBase"]
[SourceDate "2014.10.17"]
[SourceVersion "1"]
[SourceVersionDate "2014.10.17"]
[SourceQuality "1"]

1. c4 e5 2. Nc3 Nf6 3. e3 Be7 4. Nf3 d6 5. Be2 0-0 6. 0-0 c6 7. Qc2 Bg4 8. Rd1 Nbd7 9. d4 Qc7 10. e4 Rfe8 11. Be3 Bf8 12. d5 c5 13. Rab1 g6 14. h3 Bxf3 15. Bxf3 h5 16. b4 b6 17. Nb5 Qc8 18. Rdc1 cxb4 19. Rxb4 Nc5 20. Rcb1 Kh7 21. R4b2 Rd8 22. Bg5 Be7 23. Bd2 Qd7 24. a4 Rdc8 25. Bb4 Bd8 26. Ba3 Kg7 27. h4 Nb7 28. Be2 Nc5 29. Nc3 Ng4 30. g3 Nf6 31. Bf1 Be7 32. f3 Nb7 33. Kh2 Qd8 34. Qe2 Na5 35. Rb4 Rc5 36. Rc1 a6 37. Nd1 Nd7 38. Ne3 Ra7 39. Rb2 Rcc7 40. Bh3 Rab7 41. Rcb1 Nc5 42. Qc2 Qb8 43. Rb4 Kg8 44. Bb2 Bd8 45. Bc3 Qa7 46. R4b2 Nd7 47. Bxd7 Rxd7 48. Bxa5 bxa5 49. Rxb7 Rxb7 50. Rxb7 Qxb7 51. c5 dxc5 52. Nc4 f6 53. Kg2 Qb4 54. Kf1 Kf7 55. Ke2 Ke7 56. f4 Bc7 57. f5 gxf5 58. exf5 Bd6 59. Kf1 Kd7 60. g4 hxg4 61. h5 Bf8 62. Qd3 Bh6 63. Kf2 Bf4 64. Kf1 Kd8 65. Qe2 Kd7 1/2-1/2

[Event "Baku op"]
[Site "Baku"]
[Date "2013.09.27"]
[Round "9"]
[White "Bayramov, Vougar"]
[Black "Guliev, Sarhan"]
[Result "1-0"]
[WhiteElo "2245"]
[BlackElo "2460"]
[PlyCount "89"]
[EventDate "2013.09.19"]
[EventType "swiss"]
[EventRounds "9"]
[EventCountry "AZE"]
[SourceTitle "CBM 156 Extra"]
[Source "ChessBase"]
[SourceDate "2013.10.22"]
[SourceVersion "1"]
[SourceVersionDate "2013.10.22"]
[SourceQuality "1"]

1. d4 d5 2. Nf3 c5 3. g3 Nc6 4. Bg2 Nf6 5. 0-0 e6 6. c4 Be7 7. cxd5 exd5 8. Nc3 0-0 9. dxc5 Bxc5 10. Bg5 d4 11. Bxf6 Qxf6 12. Ne4 Qe7 13. Nxc5 Qxc5 14. Rc1 Qb6 15. b3 Bg4 16. Qd2 Rad8 17. Qf4 Bxf3 18. Bxf3 Nb4 19. Rc7 Nd5 20. Bxd5 Rxd5 21. Rfc1 Qe6 22. Rxb7 g5 23. Qf3 g4 24. Qd3 Re8 25. Rc2 a5 26. Rbc7 Kg7 27. R7c5 Rxc5 28. Rxc5 Qxe2 29. Qxd4+ f6 30. Rg5+ Kf7 31. Rxg4 Qxa2 32. Qd5+ Re6 33. Kg2 Qc2 34. Rc4 Qe2 35. Qf5 Kg7 36. Qxa5 Kg6 37. Qd8 Re8 38. Qd7 h5 39. Rf4 Qe5 40. b4 Re6 41. Qd8 Re8 42. Qd3+ f5 43. Kh3 h4 44. Rxh4 Re6 45. Qf3 1-0

[Event "Baku op"]
[Site "Baku"]
[Date "2012.09.27"]
[Round "6"]
[White "Bayramov, Vougar"]
[Black "Mammadov, Ayaz Arzu"]
[Result "1/2-1/2"]
[WhiteElo "2210"]
[BlackElo "2403"]
[PlyCount "64"]
[EventDate "2012.09.22"]
[EventType "swiss"]
[EventRounds "9"]
[EventCountry "AZE"]
[SourceTitle "CBM 150 Extra"]
[Source "ChessBase"]
[SourceDate "2012.10.19"]
[SourceVersion "1"]
[SourceVersionDate "2012.10.19"]
[SourceQuality "1"]

1. Nf3 d5 2. e3 Nf6 3. b3 Bg4 4. Bb2 Nbd7 5. d4 e6 6. Nbd2 Bd6 7. h3 Bxf3 8. Qxf3 Qe7 9. Bd3 e5 10. dxe5 Bxe5 11. Bxe5 Nxe5 12. Qf4 0-0 13. 0-0 Rfe8 14. Rfd1 Rad8 15. Nf1 Rd6 16. Ng3 g6 17. Be2 Ned7 18. Bf3 Ne5 19. Be2 Nc6 20. Rd2 Qe5 21. Qxe5 Nxe5 22. Rad1 Red8 23. Bf3 Kf8 24. Ne2 Nxf3+ 25. gxf3 Ke7 26. Nf4 c6 27. Kg2 Ne8 28. Kg3 Ng7 29. c3 Nf5+ 30. Kg2 Nh4+ 31. Kg3 Nf5+ 32. Kh2 Rf6 1/2-1/2

[Event "Urumia op 2nd"]
[Site "Urumia"]
[Date "2008.08.28"]
[Round "4"]
[White "Gagunashvili, Merab"]
[Black "Bayramov, Vougar"]
[Result "1-0"]
[WhiteElo "2566"]
[BlackElo "2316"]
[PlyCount "71"]
[EventDate "2008.08.26"]
[EventType "swiss"]
[EventRounds "10"]
[EventCountry "IRI"]
[SourceTitle "CBM 126 Extra"]
[Source "ChessBase"]
[SourceDate "2008.11.05"]
[SourceVersion "1"]
[SourceVersionDate "2008.11.05"]
[SourceQuality "1"]

1. d4 Nf6 2. c4 d6 3. Nc3 g6 4. g3 Bg7 5. Bg2 0-0 6. Nf3 Nbd7 7. 0-0 e5 8. e4 c6 9. h3 a6 10. Be3 b5 11. c5 b4 12. Na4 d5 13. Bg5 Qc7 14. Bxf6 Nxf6 15. exd5 Nxd5 16. Nxe5 Bxe5 17. dxe5 Qxe5 18. Re1 Qf6 19. Bxd5 cxd5 20. Nb6 Rb8 21. Nxd5 Qxb2 22. c6 Bxh3 23. Rb1 Qg7 24. c7 Rb5 25. Ne7+ Kh8 26. Qd8 h5 27. Rb3 Kh7 28. Nd5 a5 29. Rbe3 Rxd5 30. Qxd5 a4 31. Qd8 b3 32. axb3 a3 33. b4 a2 34. Ra3 Rh8 35. Ra8 a1Q 36. Rexa1 1-0

[Event "Urumia op 2nd"]
[Site "Urumia"]
[Date "2008.08.27"]
[Round "3"]
[White "Bayramov, Vougar"]
[Black "Mousavi, Davood Gilan"]
[Result "1-0"]
[WhiteElo "2316"]
[BlackElo "2117"]
[PlyCount "105"]
[EventDate "2008.08.26"]
[EventType "swiss"]
[EventRounds "10"]
[EventCountry "IRI"]
[SourceTitle "CBM 126 Extra"]
[Source "ChessBase"]
[SourceDate "2008.11.05"]
[SourceVersion "1"]
[SourceVersionDate "2008.11.05"]
[SourceQuality "1"]

1. d4 g6 2. Bf4 Bg7 3. e3 Nf6 4. Nd2 d5 5. Bd3 0-0 6. Ngf3 Nbd7 7. 0-0 c5 8. c3 b6 9. b4 h6 10. h3 Re8 11. bxc5 bxc5 12. Qa4 c4 13. Bc2 Nb6 14. Qa5 Bf5 15. Bxf5 gxf5 16. Rfb1 e6 17. a4 Nh5 18. Bh2 Bf8 19. Qa6 Bd6 20. a5 Bxh2+ 21. Nxh2 Nc8 22. Rb7 Nd6 23. Rxa7 Rxa7 24. Qxa7 Nb5 25. Qb7 Nxc3 26. a6 Qb8 27. Nhf3 Kg7 28. Ne5 Qxb7 29. axb7 Rb8 30. Ra7 Nb5 31. Nc6 Nf6 32. Nxb8 Nxa7 33. Na6 Nd7 34. b8Q Nxb8 35. Nxb8 Kf6 36. Kf1 Ke7 37. Ke2 Kd6 38. Nb1 f6 39. Na3 e5 40. Na6 f4 41. Nb4 f5 42. dxe5+ Kxe5 43. exf4+ Kd6 44. Nbc2 Kc5 45. Ne3 Nc6 46. Nxf5 d4 47. Nxh6 Kb4 48. Nxc4 Kxc4 49. Nf5 d3+ 50. Kd2 Na5 51. h4 Nb3+ 52. Kd1 Kd5 53. h5 1-0

[Event "Baku President's Cup 2nd"]
[Site "Baku"]
[Date "2007.05.11"]
[Round "9"]
[White "Magalashvili, Davit"]
[Black "Bayramov, Vougar"]
[Result "1-0"]
[WhiteElo "2474"]
[BlackElo "2298"]
[PlyCount "53"]
[EventDate "2007.05.03"]
[EventType "swiss"]
[EventRounds "9"]
[EventCountry "AZE"]
[SourceTitle "CBM 118 Extra"]
[Source "ChessBase"]
[SourceDate "2007.07.04"]
[SourceVersion "1"]
[SourceVersionDate "2007.07.04"]
[SourceQuality "1"]

1. Nf3 Nf6 2. c4 d6 3. d4 g6 4. Nc3 Bg7 5. e4 0-0 6. Be2 Bg4 7. Be3 Nfd7 8. d5 Bxc3+ 9. bxc3 e5 10. Bh6 Re8 11. Ng5 Bxe2 12. Qxe2 Nc5 13. h4 f6 14. Nf3 Nbd7 15. h5 Kf7 16. hxg6+ hxg6 17. Nh4 Rg8 18. Rh3 Nf8 19. 0-0-0 Qd7 20. Bxf8 Kxf8 21. Rdh1 Re8 22. Qf3 Qg7 23. Kc2 Re7 24. Rg3 Qf7 25. Nxg6+ Qxg6 26. Rxg6 Rxg6 27. Rh8+ 1-0

[Event "Baku President's Cup 2nd"]
[Site "Baku"]
[Date "2007.05.08"]
[Round "6"]
[White "Bayramov, Vougar"]
[Black "Van Wely, Loek"]
[Result "0-1"]
[WhiteElo "2298"]
[BlackElo "2674"]
[PlyCount "94"]
[EventDate "2007.05.03"]
[EventType "swiss"]
[EventRounds "9"]
[EventCountry "AZE"]
[SourceTitle "CBM 118 Extra"]
[Source "ChessBase"]
[SourceDate "2007.07.04"]
[SourceVersion "1"]
[SourceVersionDate "2007.07.04"]
[SourceQuality "1"]

1. d4 Nf6 2. Nf3 e6 3. Bg5 c5 4. e3 h6 5. Bh4 Qb6 6. Qc1 Nc6 7. Bxf6 gxf6 8. c3 d5 9. Nbd2 f5 10. g3 Bd7 11. Bg2 Rc8 12. 0-0 Be7 13. dxc5 Qxc5 14. Nb3 Qb6 15. Nbd4 Bf6 16. Ne2 Na5 17. Nf4 Nc4 18. Nh5 Be7 19. Rb1 Qc7 20. Rd1 b5 21. a3 a5 22. Ra1 Qb6 23. Qb1 Rg8 24. h4 Rc7 25. Nd4 Kd8 26. Qc2 Kc8 27. Rab1 Kb8 28. Qe2 Bc8 29. a4 b4 30. Nb5 Rb7 31. b3 Ne5 32. c4 dxc4 33. bxc4 Rd7 34. Rxd7 Bxd7 35. Nf4 Rc8 36. Rc1 Bxb5 37. axb5 a4 38. Nd3 Nxd3 39. Qxd3 b3 40. Rb1 Bf6 41. Qd1 Rxc4 42. Bc6 Qd8 43. Qe2 Rc3 44. Qh5 Qf8 45. Qd1 Qe7 46. Kg2 Kc7 47. Bf3 Kb6 0-1

[Event "Baku op-A"]
[Site "Baku"]
[Date "2005.10.25"]
[Round "2"]
[White "Mamedov, Rauf"]
[Black "Bayramov, Vougar"]
[Result "1-0"]
[WhiteElo "2521"]
[BlackElo "2324"]
[PlyCount "63"]
[EventDate "2005.10.24"]
[EventType "swiss"]
[EventRounds "9"]
[EventCountry "AZE"]
[SourceTitle "EXT 2006"]
[Source "ChessBase"]
[SourceDate "2005.11.24"]
[SourceVersion "1"]
[SourceVersionDate "2005.11.24"]
[SourceQuality "1"]

1. e4 e5 2. Nf3 Nf6 3. Nxe5 d6 4. Nf3 Nxe4 5. Nc3 Nf6 6. d4 Be7 7. Bd3 Bg4 8. Be3 Nbd7 9. h3 Bh5 10. Qe2 Nb6 11. 0-0-0 0-0 12. g4 Bg6 13. Bxg6 hxg6 14. Rdg1 Qd7 15. h4 Nfd5 16. Nxd5 Nxd5 17. h5 Qe6 18. c4 Nxe3 19. fxe3 b5 20. cxb5 Qxa2 21. hxg6 fxg6 22. Nd2 Rab8 23. Nb1 Bg5 24. Nc3 Qe6 25. Kb1 Rbe8 26. e4 Rf4 27. Qd3 Qb3 28. Qe2 Qe6 29. e5 Qf7 30. Qh2 Qc4 31. Qc2 Qf7 32. Qh2 1-0

[Event "Batumi BCSA op"]
[Site "Batumi"]
[Date "2003.07.24"]
[Round "8"]
[White "Bayramov, Vougar"]
[Black "Morchiashvili, Bachana"]
[Result "0-1"]
[WhiteElo "2345"]
[BlackElo "2199"]
[PlyCount "160"]
[EventDate "2003.07.16"]
[EventType "swiss"]
[EventRounds "9"]
[EventCountry "GEO"]
[SourceTitle "CBM 095 Extra"]
[Source "ChessBase"]
[SourceDate "2003.09.04"]
[SourceVersion "1"]
[SourceVersionDate "2003.09.04"]
[SourceQuality "1"]

1. d4 d5 2. Nf3 Nf6 3. Bf4 e6 4. e3 c5 5. c3 Nc6 6. Nbd2 Be7 7. Bd3 0-0 8. Ne5 Re8 9. Qf3 cxd4 10. exd4 Nxe5 11. dxe5 Nd7 12. h4 Qb6 13. Rb1 Nc5 14. Bc2 Qa6 15. Rh3 Bd7 16. Rg3 Bf8 17. h5 Bb5 18. a4 Bxa4 19. Ra1 Bxc2 20. Rxa6 bxa6 21. Bh6 g6 22. Bxf8 Rxf8 23. Qf6 Nd7 24. Qg5 Rab8 25. b4 Rfc8 26. Qe3 Bf5 27. Nf3 a5 28. Qxa7 axb4 29. Qxd7 b3 30. Nd2 b2 31. h6 d4 32. cxd4 Bg4 33. f4 Rc1+ 34. Kf2 Rc2 35. Rb3 Rxd2+ 36. Kg1 b1Q+ 37. Rxb1 Rxb1+ 38. Kh2 Rb8 39. Qe7 Rdb2 40. f5 Bxf5 41. Qf6 Kf8 42. Qh8+ Ke7 43. Qf6+ Ke8 44. Qh8+ Kd7 45. Qg7 Kc6 46. Qxf7 R8b7 47. Qf8 Kd5 48. Qc5+ Ke4 49. Qc4 Kf4 50. Qc3 Kg5 51. Qg3+ Kh5 52. d5 exd5 53. Qf3+ Kxh6 54. Qxd5 Kg7 55. e6 Kf6 56. Qd6 R2b6 57. Qf8+ Kxe6 58. Qe8+ Kd5 59. Qd8+ Rd6 60. Qa8 Rdd7 61. Kg3 Ke6 62. Qf8 g5 63. Qh6+ Ke5 64. Kh2 Rg7 65. Qc6 Rbe7 66. Kg3 Be6 67. Qf3 Ref7 68. Qc3+ Kf5 69. Qc6 h6 70. Qd6 Rd7 71. Qf8+ Kg6 72. Qe8+ Kf6 73. Qf8+ Rdf7 74. Qd6 Re7 75. Kh2 Kg6 76. Qd3+ Bf5 77. Qd6+ Kh7 78. Qd4 Bg6 79. Qd6 Rgf7 80. Qd1 Re4 0-1

[Event "Batumi op"]
[Site "Batumi"]
[Date "2001.06.30"]
[Round "5"]
[White "Gagunashvili, Merab"]
[Black "Bayramov, Vougar"]
[Result "1-0"]
[WhiteElo "2414"]
[BlackElo "2281"]
[PlyCount "155"]
[EventDate "2001.06.26"]
[EventType "swiss"]
[EventRounds "9"]
[EventCountry "GEO"]
[SourceTitle "EXT 2002"]
[Source "ChessBase"]
[SourceDate "2001.11.25"]
[SourceVersion "1"]
[SourceVersionDate "2001.11.25"]
[SourceQuality "1"]

1. e4 e5 2. Nf3 Nf6 3. Nxe5 d6 4. Nf3 Nxe4 5. d4 d5 6. Bd3 Nc6 7. 0-0 Be7 8. Re1 Bg4 9. c3 f5 10. Qb3 0-0 11. Nbd2 Kh8 12. Qxb7 Rf6 13. Qb3 Rb8 14. Qa4 Bd6 15. Bb5 Nxd2 16. Bxd2 Ne7 17. Ne5 a6 18. Bf1 Rxb2 19. Bg5 Bh5 20. Bxf6 gxf6 21. Qd7 Qxd7 22. Nxd7 a5 23. Nxf6 Bg6 24. c4 dxc4 25. Bxc4 Kg7 26. Nd7 Nc6 27. Rad1 Bh5 28. f3 Rb4 29. d5 Rxc4 30. dxc6 Rxc6 31. Rc1 Ra6 32. Nc5 Ra7 33. a4 Bf7 34. Ne6+ Kf6 35. Nd4 Ra6 36. Nb5 Bf4 37. Nxc7 Rd6 38. Nb5 Rd7 39. Rcd1 Bd2 40. Rf1 Bb3 41. Ra1 f4 42. Kh1 Be3 43. Nc3 Kf5 44. Rab1 Bc4 45. Rfd1 Rg7 46. Ne4 Ke5 47. Rb8 Re7 48. Ra8 Bb6 49. Nd6 Bb3 50. Re1+ Be3 51. Ne4 Kd4 52. Rd8+ Ke5 53. Nd2 Bxa4 54. Nc4+ Kf5 55. Rd5+ Kf6 56. Rxa5 Bb3 57. Nxe3 fxe3 58. Ra3 Bf7 59. Raxe3 Ra7 60. g4 Bd5 61. Kg2 Rg7 62. Kg3 Ra7 63. Rd1 Ra5 64. Red3 Be6 65. h4 Rb5 66. Rc1 Ba2 67. Rc6+ Ke5 68. Rh6 Rb7 69. Re3+ Kd4 70. Re8 Rd7 71. h5 Bb1 72. Rhe6 Bc2 73. g5 Rd5 74. f4 Rc5 75. Rd8+ Kc3 76. Rdd6 Ra5 77. Rc6+ Kb3 78. Re3+ 1-0

[Event "Batumi op"]
[Site "Batumi"]
[Date "2001.06.28"]
[Round "3"]
[White "Khachatryan, Vahagn"]
[Black "Bayramov, Vougar"]
[Result "1/2-1/2"]
[WhiteElo "2410"]
[BlackElo "2281"]
[PlyCount "121"]
[EventDate "2001.06.26"]
[EventType "swiss"]
[EventRounds "9"]
[EventCountry "GEO"]
[SourceTitle "EXT 2002"]
[Source "ChessBase"]
[SourceDate "2001.11.25"]
[SourceVersion "1"]
[SourceVersionDate "2001.11.25"]
[SourceQuality "1"]

1. e4 e5 2. Nf3 Nf6 3. Nxe5 d6 4. Nf3 Nxe4 5. d4 d5 6. Bd3 Be7 7. 0-0 Nc6 8. Re1 Bg4 9. c3 f5 10. Nbd2 0-0 11. h3 Bh5 12. Qb3 Kh8 13. Qxb7 Rf6 14. Qb3 Rb8 15. Qa4 Bd6 16. Qc2 Be8 17. Qd1 Rg6 18. Nf1 Qf6 19. Ne3 Bf7 20. Bf1 Be6 21. Qa4 Ne7 22. c4 Nxf2 23. Kxf2 Bg3+ 24. Ke2 dxc4 25. Rd1 f4 26. Nxc4 Bd5 27. Nce5 Nf5 28. Nxg6+ hxg6 29. Ne5 Kh7 30. Rd3 c5 31. Kd1 Nxd4 32. Nf3 Bxf3+ 33. gxf3 Qe5 34. Bd2 Rxb2 35. Rc1 Bf2 36. Qa3 Nb5 37. Bc3 Nxc3+ 38. Qxc3 Qb8 39. Rd2 Rxd2+ 40. Kxd2 Be3+ 41. Kc2 Bxc1 42. Kxc1 Qd6 43. Bd3 Kh6 44. Be4 Qe6 45. Kb2 Qb6+ 46. Kc2 Qe6 47. Kb2 Qb6+ 48. Qb3 Qf6+ 49. Kc2 Qa6 50. Qd5 c4 51. Kb2 Qf6+ 52. Kc2 Qa6 53. Kb1 Qb6+ 54. Kc1 c3 55. Bc2 Qg1+ 56. Qd1 Qe3+ 57. Kb1 Qb6+ 58. Bb3 Qf2 59. Bc2 Qb6+ 60. Bb3 Qf2 61. Bc2 1/2-1/2